01612 a2200217 4500003000500000005001700005010001600022020001500038040000900053082001700062100002800079245005300107260003700160300003300197505087800230650002501108942001201133999001901145952012601164952010401290Nust20221129160243.0 a 88027177 a0070255377 cNust00a621.3815,HAL1 aHall, Douglas V.91807410aDigital circuits and systems /cDouglas V. Hall. aNew York :bMcGraw-Hill,cc1989. avi, 554 p. :bill. ;c29 cm. aAtoms Electrons and Electricity (Page-1), Binary Numbers and Logic Gates (Page-27), Digital Devices and Data Sheets (Page-46), Oscilloscopes Pulse Generators and Pulse Characteristics of Logic Gates (Page-77), Analyzing Testing Troubleshooting and Drawing Logic Circuits (Page-102), Designing and Implementing Combinational Logic Circuits (Page-125), MSI and LSI Combinational Logic Devices and Applications (Page-149), Latches Flip-Flops Counters and Logic Analyzers (Page-188), Synchronous Devices Circuits and Systems (Page-234), Digital Signal Generation Transmission and Interfacing (Page-277), A/D and D/A Converter Circuits and Applications (Page-318), Programmable Logic Devices and State Machines (Page-360), Digital Arithmetic Devices and Microprocessors (Page-411), Memory Devices and Systems (Page-449), Computer Aided Engineering of Digital Systems (Page-489). 0aDigital electronics. 2ddccBK c182106d182106 00102ddc4070aMCSbMCScGENd2016-12-12o621.3815,HALpMCS24998r2016-12-08w2016-12-12yBKzAlmirah No.33, Shelf No.1 00102ddc40708NFICaMCSbMCSd2016-12-12l0o621.3815 HALpMCS26185r2016-12-08w2016-12-12yBK